00975nam a2200229 i 4500001000700000003000900007005001700016008004100033080002400074100003900098245011400137260006800251300002800319505003100347651007000378700004300448700003500491710004900526852002500575999001900600952012600619173401ES-MaACL20240229062732.0091201m19641967sp |||| | spa d a946"1808/1814"(082)0 aGarcía Prado, Justiniano.95513410aGuerra de la Independencia b: estudios / cpor J. García Prado, J. Godechot, M. Allué Salvador [et al.]. aZaragoza : bInstitución "Fernando el Católico", c1964-67. a2 v. : bil. ; c24 cm.8 aContiene: Estudios I y III 4aEspaña-xHistoria-y1808-1814, Guerra de la Independencia982441 aGodechot, Jacques (d1907-1989)9575080 aAllue Salvador, Miguel.9200612 aInstitución "Fernando el Católico"94721 aES-MaACLjP-1042-Ter c173401d173401 00104070aATENEOMbATENEOMcDEPO2d2009-12-01eDONl0oP-1042-Terp1181977r2023-02-23 00:00:00w2023-02-23yMONOGRAFIA